01018nam a2200241Ia 450000500170000000800410001702000180005804000180007604100080009408200190010210000310012124500880015225000120024026000500025230000190030265000530032165000310037470000290040594200290043499900190046395201510048295201430063320220208100656.0210716s2008 xx 000 0 und d a9780132431521 cAIMIT LIBRARY aeng a658.429bROBS aRobbins, Stephen P.917512 aEssentials of organizational behavior /cBy Stephen P. Robbins and Timothy A. Judge a9th ed. aNew Jersey :bPearson Prentice Hall ,c2008 . a324p. ;c23cm. aPerception and Individual Decision Making917513 aMotivation concepts917514 aJudge, Timothy A.917515 2ddccBKe9thk658.4 ROBS c203229d203229 00102ddc40708MBAaAIMITbAIMITd2021-07-16g150.00iBill no:; Bill dt:1900-01-00l0o658.4 ROBSpMBA01503r2025-07-21 00:00:00w2021-07-16yBK 00102ddc40708MBAaAIMITbAIMITd2009-02-02iBill no:; Bill dt:1900-01-00l0o658.4 ROBSpMBA05795r2025-07-21 00:00:00w2021-07-16yBK